Reader's Digest the truth about history : (Record no. 3815)
[ view plain ]
| 000 -LEADER | |
|---|---|
| fixed length control field | 01196cam a2200325 a 4500 |
| 001 - CONTROL NUMBER | |
| control field | 3385518 |
| 003 - CONTROL NUMBER IDENTIFIER | |
| control field | OSt |
| 005 - DATE AND TIME OF LATEST TRANSACTION | |
| control field | 20140310181807.0 |
| 008 - FIXED-LENGTH DATA ELEMENTS--GENERAL INFORMATION | |
| fixed length control field | 040921r20052004enkahbc 001 0 eng d |
| 020 ## - INTERNATIONAL STANDARD BOOK NUMBER | |
| International Standard Book Number | 0276427513 |
| 040 ## - CATALOGING SOURCE | |
| Original cataloging agency | VMOR |
| Language of cataloging | eng |
| Transcribing agency | VMOR |
| Modifying agency | ANL |
| 050 ## - LIBRARY OF CONGRESS CALL NUMBER | |
| Classification number | D 24 |
| Item number | .T874 2003 |
| 082 04 - DEWEY DECIMAL CLASSIFICATION NUMBER | |
| Classification number | REF 909.22 |
| Item number | T77 2003 |
| 245 10 - TITLE STATEMENT | |
| Title | Reader's Digest the truth about history : |
| Remainder of title | how new evidence is transforming the story of the past / |
| Statement of responsibility, etc | [edited, designed and produced by Planet Three Publishing Network ; writers, Russell Miller ... [et al.]]. |
| 246 30 - VARYING FORM OF TITLE | |
| Title proper/short title | Truth about history |
| 260 ## - PUBLICATION, DISTRIBUTION, ETC. (IMPRINT) | |
| Place of publication, distribution, etc | London ; |
| -- | Sydney : |
| Name of publisher, distributor, etc | Reader's Digest Association, |
| Date of publication, distribution, etc | c2004 |
| Date of manufacture | (2005 printing) |
| 300 ## - PHYSICAL DESCRIPTION | |
| Extent | 319 p. : |
| Other physical details | ill. (some col.), facsims., maps, ports. ; |
| Dimensions | 28cm. |
| 500 ## - GENERAL NOTE | |
| General note | Includes index. |
| 520 ## - SUMMARY, ETC. | |
| Summary, etc | 1. History--Miscellanea. 2. Histography. 3. Curiosity and wonders. |
| 521 ## - TARGET AUDIENCE NOTE | |
| Target audience note | |
| 541 ## - IMMEDIATE SOURCE OF ACQUISITION NOTE | |
| -- | 1 |
| 562 ## - COPY AND VERSION IDENTIFICATION NOTE | |
| Number of copies | 1 |
| 650 #0 - SUBJECT ADDED ENTRY--TOPICAL TERM | |
| Topical term or geographic name as entry element | History |
| Form subdivision | Miscellanea. |
| 650 #0 - SUBJECT ADDED ENTRY--TOPICAL TERM | |
| Topical term or geographic name as entry element | Historiography. |
| 650 #0 - SUBJECT ADDED ENTRY--TOPICAL TERM | |
| Topical term or geographic name as entry element | Curiosity and wonders. |
| 700 1# - ADDED ENTRY--PERSONAL NAME | |
| Personal name | Miller, Russell. |
| 710 2# - ADDED ENTRY--CORPORATE NAME | |
| Corporate name or jurisdiction name as entry element | Reader's Digest Association. |
| 710 2# - ADDED ENTRY--CORPORATE NAME | |
| Corporate name or jurisdiction name as entry element | Planet Three Publishing Network. |
| 942 ## - ADDED ENTRY ELEMENTS (KOHA) | |
| Source of classification or shelving scheme | Library of Congress Classification |
| Koha item type | |
| Call number prefix | |
| Withdrawn status | Lost status | Source of classification or shelving scheme | Damaged status | Home library | Current library | Shelving location | Date acquired | Total Checkouts | Full call number | Barcode | Date last seen | Copy number | Price effective from | Koha item type |
|---|---|---|---|---|---|---|---|---|---|---|---|---|---|---|
| Library of Congress Classification | Luxembourg Library | Luxembourg Library | Reference Section | 07/04/2013 | D 24 .T874 2003 | 15598 | 04/05/2016 | 1 | 07/04/2013 | Books |